Top 15 landen met Covid-19 sterfgevallen - 26 mei - Statistieken

Algemene statistieken
  • Deze quiz is 2 keer genomen
  • De gemiddelde score is 13 van 21
Antwoordstatistieken
land % Correct
België
100%
Brazilië
100%
Canada
100%
China
100%
Frankrijk
100%
Italië
100%
Spanje
100%
Verenigde Staten
100%
Zweden
100%
Duitsland
50%
Ierland
50%
Mexico
50%
Peru
50%
Portugal
50%
Turkije
50%
Verenigd Koninkrijk
50%
Zwitserland
50%
Ecuador
0%
India
0%
Iran
0%
Nederland
0%
Geen overeenkomende quizzen gevonden
Scoreverdeling
Procent van Mensen met Elke Score
Percentiel versus Aantal Correcte Antwoorden
Uw Scoregeschiedenis
U heeft deze quiz nog niet genomen